00434 2200181 4500245004200000020001800042250001100060100001800071700002000089700002000109650001700129005001900146260003100165041001400196084001300210300002000223336000900243 aNegative ChannelcKawahara, RenhText a9786024282561 aCet. 1 aKawahara, Ren aIne Martiana K. aAgnes Kresnawan aKomik Jepang a20230531090144 aJakartabPT Gramediac2017 aIndonesia a741.5592 ailus. :c17 cm. atext